000 01021nam a2200337 i 4500
001 000015555
003 DO-SdBNP
005 20241014091145.0
007 ta
008 241014s2010 pr 000 0 spa d
020 _a9789945455267
040 _aDO-SdBNP
_bspa
_cBNPHU
_erda
041 _hspa
082 _aPR863.44
_bR789c
_222
100 1 _aRosario, Yvonne Denis,
_d1967-
_eautor
_935095
245 1 0 _aCapá prieto /
_cYvonne Denis Rosario ; prólogo Marie Ramos Rosado.
264 _aSan Juan, Puerto Rico :
_bIsla Negra,
_c2010
300 _a113 páginas ;
_b22 cm.
336 _ardacontent
_btexto
_2txt
337 _ardamedia
_bsin mediación
_2n
338 _ardacarrier
_bvolumen
_2nc
490 1 _aEl rostro de la máscara
590 _aInventariado, 2024/DG
650 4 _aCuentos puertorriqueños
_9249
650 4 _aLiteratura puertorriqueña
_9250
700 1 _aRamos Rosado, Marie
_eprólogo
_922424
700 1 _aAusente, Lucinda
_911862
830 _935096
910 _aDG
942 _2ddc
_cLBS1
999 _c57836
_d57836